000 00611nam a2200217Ia 4500
005 20241129111329.0
008 241129s9999||||xx |||||||||||||| ||und||
020 _a977-02-0086-7
037 _aREF
040 _aCRL
_beng
_cCRL
041 _aara
_2ara
084 _aO28,1w, P6.1-.2 (RR)
_qCRL
100 _aShakir Ahmad Mohammad Au.
245 0 _aAl-sher wa al-shorai
_cShakir Ahmad Mohammad Au.
260 _aCairo, Egypt
_bDarul Hadees
_c2006
365 _aINR
_b2550
490 _vVol.1
650 _aArabic Poetry
942 _cREF
_hO28,1w, P6.1-.2 (RR)
999 _c1229956
_d1229956